000 00693nam a2200217 a 4500
005 20230914063553.0
008 991125s1986 mx 000 0 spa u
020 _a9682908957
035 _aUPN01000043882
040 _aMX-MxUPN
_bspa
_cMX-MxUPN
050 4 _aPQ7104
_bL57 no.26
100 1 _aFernández, Sergio,
_d1926-
_934181
245 1 4 _aLos peces /
_cSergio Fernández.
250 _aPrimera edición
260 _aMéxico :
_bJoaquín Mortiz :
_bSecretaría de Educación Pública, Subsecretaría de Cultura,
_c1986.
300 _a171 páginas
490 _aLecturas mexicanas. Segunda serie ;
_v26
650 4 _aEnsayos mexicanos
_97886
905 _aLibro
942 _2lcc
_cLIBRO
999 _c43882
_d43882